000 00617nam a2200205Ii 4500
003 JO-AjNU
008 230606s9999||||xx |||||||||||||| ||und||
020 _a978-81-317-1405-8
040 _aJO-AjNU
_beng
_erda
_cJO-AjNU
041 _aeng
050 1 4 _aQA39.2.2009
100 3 _aSengadir,
_eauthor
_93827
245 0 0 _aDiscrete Mathematics and combinatorics
264 3 1 _aPearson Education International :new york,2009
300 _a550p
336 _atext
_btxt
_2rdacontent
337 _aunmediated
_bn
_2rdamedia
338 _avolume
_bnc
_2rdacarrier
650 4 _aDiscrete Mathematics and combinatorics
_93828
999 _aE1996
_c1996
_d1996